Recovering the lost self: shame-healing for victims of clergy sexual abuse

Saved in:  
Bibliographic Details
Main Author: Horst, Elisabeth A. (Author)
Format: Print Book
Language:English
Subito Delivery Service: Order now.
Check availability: HBZ Gateway
WorldCat: WorldCat
Interlibrary Loan:Interlibrary Loan for the Fachinformationsdienste (Specialized Information Services in Germany)
Published: Collegeville, Minn. Liturgical Press 1998
In:Year: 1998
Series/Journal:A Liturgical Press book
Further subjects:B Sexual abuse victims Rehabilitation
B Reconciliation Religious aspects Christianity
B Shame Religious aspects Christianity
B Sexual misconduct by clergy

MARC

LEADER 00000cam a2200000 c 4500
001 1605354287
003 DE-627
005 20251225192323.0
007 tu
008 990824s1998 xx ||||| 00| ||eng c
010 |a  97044857  
020 |a 0814624421  |c (alk. paper)  |9 0-8146-2442-1 
035 |a (DE-627)1605354287 
035 |a (DE-576)079415148 
035 |a (DE-599)BSZ079415148 
035 |a (OCoLC)37864324 
040 |a DE-627  |b ger  |c DE-627  |e rakwb 
041 |a eng 
050 0 |a BT714.H67 1998 
082 0 |a 261.8/32 
084 |a 1  |2 ssgn 
100 1 |a Horst, Elisabeth A.  |4 aut 
245 1 0 |a Recovering the lost self  |b shame-healing for victims of clergy sexual abuse  |c Elisabeth A. Horst 
264 1 |a Collegeville, Minn.  |b Liturgical Press  |c 1998 
300 |a 55 S. 
336 |a Text  |b txt  |2 rdacontent 
337 |a ohne Hilfsmittel zu benutzen  |b n  |2 rdamedia 
338 |a Band  |b nc  |2 rdacarrier 
490 0 |a A Liturgical Press book 
583 1 |a Archivierung prüfen  |c 20200919  |f DE-640  |z 1  |2 pdager 
583 1 |a Archivierung/Langzeitarchivierung gewährleistet  |f SSG  |x XA-DE-BW  |2 pdager  |5 DE-21 
650 0 |a Shame  |x Religious aspects  |x Christianity 
650 0 |a Sexual abuse victims  |x Rehabilitation 
650 0 |a Sexual misconduct by clergy 
650 0 |a Reconciliation  |x Religious aspects  |x Christianity 
935 |a mteo 
951 |a BO 
ELC |b 1 
ITA |a 1  |t 1 
LOK |0 000 xxxxxcx a22 zn 4500 
LOK |0 001 3111102459 
LOK |0 003 DE-627 
LOK |0 004 1605354287 
LOK |0 005 19990824000000 
LOK |0 008 990824||||||||||||||||ger||||||| 
LOK |0 040   |a DE-21  |c DE-627  |d DE-21 
LOK |0 852   |a DE-21 
LOK |0 852 1  |c KB 8 E 8133  |9 00 
LOK |0 935   |a theo  |a krim 
LOK |0 936ln  |a k10.10.3 
LOK |0 939   |a 24-08-99  |b l01 
ORI |a SA-MARC-ixtheoa001.raw